<?xml version="1.0" encoding="UTF-8"?><?xml-stylesheet type="text/xsl" href="static/style.xsl"?><OAI-PMH xmlns="http://www.openarchives.org/OAI/2.0/" xmlns:xsi="http://www.w3.org/2001/XMLSchema-instance" xsi:schemaLocation="http://www.openarchives.org/OAI/2.0/ http://www.openarchives.org/OAI/2.0/OAI-PMH.xsd"><responseDate>2026-06-04T01:08:05Z</responseDate><request verb="GetRecord" identifier="oai:riubu.ubu.es:10259/11779" metadataPrefix="marc">https://riubu.ubu.es/oai/request</request><GetRecord><record><header><identifier>oai:riubu.ubu.es:10259/11779</identifier><datestamp>2026-06-03T00:05:34Z</datestamp><setSpec>com_10259_4839</setSpec><setSpec>com_10259_5086</setSpec><setSpec>com_10259_2604</setSpec><setSpec>col_10259_4840</setSpec></header><metadata><record xmlns="http://www.loc.gov/MARC21/slim" xmlns:doc="http://www.lyncode.com/xoai" xmlns:xsi="http://www.w3.org/2001/XMLSchema-instance" xmlns:dcterms="http://purl.org/dc/terms/" xsi:schemaLocation="http://www.loc.gov/MARC21/slim http://www.loc.gov/standards/marcxml/schema/MARC21slim.xsd">
<leader>00925njm 22002777a 4500</leader>
<datafield tag="042" ind1=" " ind2=" ">
<subfield code="a">dc</subfield>
</datafield>
<datafield tag="720" ind1=" " ind2=" ">
<subfield code="a">Puente Torre, Paula</subfield>
<subfield code="e">author</subfield>
</datafield>
<datafield tag="720" ind1=" " ind2=" ">
<subfield code="a">Delgado Benito, Vanesa</subfield>
<subfield code="e">author</subfield>
</datafield>
<datafield tag="720" ind1=" " ind2=" ">
<subfield code="a">Rodríguez Cano, Sonia</subfield>
<subfield code="e">author</subfield>
</datafield>
<datafield tag="720" ind1=" " ind2=" ">
<subfield code="a">Lozano Álvarez, María</subfield>
<subfield code="e">author</subfield>
</datafield>
<datafield tag="260" ind1=" " ind2=" ">
<subfield code="c">2025-02</subfield>
</datafield>
<datafield tag="520" ind1=" " ind2=" ">
<subfield code="a">The integration of virtual reality with mindfulness practice is an effective tool for&#xd;
reducing anxiety levels because it promotes a comprehensive improvement of the educational&#xd;
process and the emotional well-being of students. The aim of this study is to analyse&#xd;
the impact of a mindfulness programme carried out using Virtual Reality with people&#xd;
with functional diversity who are studying Adapted Vocational Training in a secondary&#xd;
school. The intervention was carried out for three months, with the aim of improving&#xd;
their attentional and self-regulation skills. This innovative approach allowed students&#xd;
to experience immersive environments that facilitate mindfulness practice, significantly&#xd;
improving their concentration and reducing anxiety levels. Students who participated&#xd;
in this case study and used this technology experienced an increase in their ability to&#xd;
concentrate on tasks, as well as a marked improvement in their emotional well-being. Descriptive&#xd;
analyses and guided interviews were conducted with both students and teachers&#xd;
involved in the teaching–learning process. The results showed the potential of Virtual&#xd;
Reality-mediated mindfulness programmes as an inclusive and powerful strategy to support&#xd;
learning and personal development in adapted vocational training environments. The&#xd;
study highlights its innovation in personalising learning, reducing anxiety, and improving&#xd;
attentional skills through Virtual Reality. It contributes by providing empirical evidence&#xd;
that supports the development of educational programmes and promotes mental health in&#xd;
the educational context</subfield>
</datafield>
<datafield tag="024" ind2=" " ind1="8">
<subfield code="a">https://hdl.handle.net/10259/11779</subfield>
</datafield>
<datafield tag="024" ind2=" " ind1="8">
<subfield code="a">10.3390/soc15020045</subfield>
</datafield>
<datafield tag="024" ind2=" " ind1="8">
<subfield code="a">2075-4698</subfield>
</datafield>
<datafield ind1=" " ind2=" " tag="653">
<subfield code="a">Mindfulness</subfield>
</datafield>
<datafield ind1=" " ind2=" " tag="653">
<subfield code="a">Virtual reality</subfield>
</datafield>
<datafield ind1=" " ind2=" " tag="653">
<subfield code="a">Emerging technologies</subfield>
</datafield>
<datafield ind1=" " ind2=" " tag="653">
<subfield code="a">Well-being</subfield>
</datafield>
<datafield ind1=" " ind2=" " tag="653">
<subfield code="a">Functional diversity</subfield>
</datafield>
<datafield tag="245" ind1="0" ind2="0">
<subfield code="a">Does Mindfulness Mediated by Virtual Reality Help People with Functional Diversity?</subfield>
</datafield>
</record></metadata></record></GetRecord></OAI-PMH>